000
00297nam a22001337a 4500
008
180104b xxu||||| |||| 00| 0 eng d
020
_a
9781904994879
041
_a
eng
080
_a
030
100
_a
39
101
_a
REF
245
_a
Guinness World Records 2013
_c
Glenday, C
942
_2
udc
_c
BK
999
_c
39725
_d
39725